What Are Taylor Swift's Most Popular Songs - Statistics

General Stats
  • This quiz has been taken 96 times
  • The average score is 3 of 5
Answer Stats
Place and Streams Song % Correct
1. 1,919,569,865 Cruel Summer
92%
3. 1,469,474.998 Anti-Hero
65%
2. 1,308,555,475 Lover
64%
4. 1,212,077,150 cardigan
46%
5. 350,632,369 Is It Over Now?
14%
No matching quizzes found
Score Distribution
Percent of People with Each Score
Percentile by Number Answered
Your Score History
You have not taken this quiz